| 000 | 00718naa a22001457i 4500 | ||
|---|---|---|---|
| 001 | 9460 | ||
| 003 | KOSZ 005 | ||
| 005 | 20180329135116.0 | ||
| 008 | 180328s2001 pl ||||f |||| 00| 0 pol d | ||
| 040 |
_a005 KOSZ/AR _c005 KOSZ/AR |
||
| 100 | 1 |
_aŻUREK-PYSZ, Urszula. _bPolitechnika Koszalińska - Wydział Budownictwa i Inżynierii Środowiska, _cKatedra Geotechniki _d1996 - . |
|
| 245 | 1 | 0 |
_aProcesy diagenetyczne w holoceńskiej kredzie jeziornej wywołane obciążeniem : artykuł dyskusyjny / _cUrszula Żurek-Pysz. |
| 773 |
_iW : _tBiuletyn Państwowego Instytutu Geologicznego. - _dWarszawa : Państwowy Instytut Geologiczny - Państwowy Instytut Badawczy. - _g2011, 446, 2, s. 437-442 _x0867-6143 |
||
| 942 |
_2UKD _cART |
||
| 999 |
_c9460 _d9460 |
||